Geografía del mito y la leyenda chilenos

Saved in:
Bibliografiske detaljer
Hovedforfatter: Plath, Oreste (Author)
Format: Bog
Sprog:spansk
Udgivet: Santiago Grijalbo 2000
Udgivelse:6a. ed
Fag:
Tags: Tilføj Tag
Ingen Tags, Vær først til at tagge denne postø!

MARC

LEADER 00000nam a2200000 a 4500
001 UCH6220
003 CL-VaPUC
008 091109e20000000CL |||||||||||||||||spa|d
020 |a 9562580385 
082 0 4 |a 398.2  |b PLA  |2 21 
100 0 |a Plath, Oreste  |e author  |9 330038 
245 1 0 |a Geografía del mito y la leyenda chilenos 
250 |a 6a. ed 
300 |a 408 p 
942 |c BK 
945 |d 20091109 00:00:00  |a lazolas 
260 |a Santiago  |b Grijalbo  |c 2000 
650 0 |a Leyendas chilenas  |9 310059 
650 0 |a Folklore chileno  |9 265536 
650 7 |a CUENTOS POPULARES  |2 CL-VaPUC  |9 306606 
650 0 |a Literatura folklórica  |9 306605 
650 0 |a Tradición oral   |9 321175 
583 |a last modification  |c 20131003 04:02:08  |k Rodrigo Vera 
999 |c 337155  |d 337153